[Event "Preferente Grupo I"]
[Site ""]
[Date "2011.04.02"]
[Round "9.52"]
[White "Gregorio Cabello Alberto"]
[Black "Juni Pardos Marcos"]
[Result "0-1"]
[WhiteElo "1837"]
[BlackElo "1881"]

1.e4 d5 2.exd5 Qxd5 3.Nc3 Qa5 4.d4 Nf6 5.Bd2 c6 6.Ne4 Qc7 7.Ng3 Nbd7 8.Nf3 e6
9.Bd3 c5 10.dxc5 Bxc5 11.O-O O-O 12.Qe2 b6 13.Ne4 Bb7 14.Nxf6+ Nxf6 15.Bc3 Nd5
16.Qe4 g6 17.Qe5 Qxe5 18.Bxe5 f6 19.Bd4 Bxd4 20.Nxd4 e5 21.Nb5 Rfd8 22.Rad1 a6
23.Na3 Nf4 24.Bc4+ Kf8 25.g3 Nh3# 0-1

[Event "Preferente Grupo II"]
[Site ""]
[Date "2011.04.02"]
[Round "9.54"]
[White "Argueso Pascual Jorge"]
[Black "Gella Bitrian Diego"]
[Result "1/2-1/2"]
[WhiteElo "2000"]
[BlackElo "1973"]

1.d4 Nf6 2.Nf3 g6 3.h3 Bg7 4.Bf4 d6 5.Nbd2 O-O 6.e3 Bf5 7.c3 h5 8.Qb3 Qc8 9.
Bc4 e6 10.O-O Nbd7 11.Rfe1 d5 12.Bf1 c5 13.c4 b6 1/2-1/2

[Event "Preferente Grupo II"]
[Site ""]
[Date "2011.04.02"]
[Round "9.55"]
[White "Bellosta Lopez Pablo"]
[Black "Ruiz Gutierrez Manuel"]
[Result "1/2-1/2"]
[WhiteElo "1948"]
[BlackElo "1870"]

1.e4 c5 2.Nf3 d6 3.d3 g6 4.g3 Bg7 5.Bg2 Nc6 6.O-O Bg4 7.Nc3 e6 8.h3 Bxf3 9.
Qxf3 Nge7 10.Rb1 O-O 11.Be3 Rb8 12.a4 a6 13.Qe2 Nd4 14.Qd2 Nec6 15.Ne2 1/2-1/2

[Event "Preferente Grupo II"]
[Site ""]
[Date "2011.04.02"]
[Round "9.56"]
[White "Argueso Palomino Manuel"]
[Black "Biarge Carnicer Arturo"]
[Result "1/2-1/2"]
[WhiteElo "1780"]
[BlackElo "1911"]

1.d4 Nf6 2.Nf3 g6 3.c4 Bg7 4.Nc3 O-O 5.e4 d6 6.Be2 Nc6 7.O-O e5 8.d5 Ne7 9.Ne1
Ne8 10.Be3 f5 11.f3 f4 12.Bf2 g5 13.b4 Rf6 14.Rc1 h5 15.c5 Rg6 16.cxd6 cxd6
17.a4 1/2-1/2

[Event "Preferente Grupo II"]
[Site ""]
[Date "2011.04.02"]
[Round "9.57"]
[White "Munoz Suarez Luis Alberto"]
[Black "Gimeno Oteo Marco Antonio"]
[Result "1/2-1/2"]
[WhiteElo "1967"]
[BlackElo "2152"]

1.e4 e5 2.Nf3 Nc6 3.Nc3 g6 4.d4 exd4 5.Nxd4 Bg7 6.Be3 Nge7 7.Bc4 O-O 8.Qd2 d6
9.O-O-O a6 10.Nxc6 Nxc6 11.Bh6 Ne5 12.Bb3 Be6 13.Bxg7 Kxg7 14.f4 Nc6 15.h3 Qd7
16.g4 Rad8 17.Rhf1 f6 18.Rfe1 Bxb3 19.axb3 Qf7 20.Nd5 Rd7 21.h4 Ne7 22.Ne3
Rfd8 23.Qc3 Kg8 24.Nd5 Nxd5 25.exd5 Re8 26.Rxe8+ Qxe8 27.Qxf6 Qe3+ 28.Kb1 Rf7
29.Qd8+ Kg7 30.f5 Qf3 31.Re1 Qxd5 32.Re7 gxf5 33.gxf5 Qxf5 34.Qxc7 Rxe7 35.
Qxe7+ Kg6 36.Qxd6+ Kh5 37.Qe7 h6 1/2-1/2

[Event "Preferente Grupo II"]
[Site ""]
[Date "2011.04.02"]
[Round "9.58"]
[White "Cebrian Valverde Jose Antonio"]
[Black "Martin Diaz Eduardo"]
[Result "1-0"]
[WhiteElo "2138"]
[BlackElo "1936"]

1.d4 Nf6 2.c4 c5 3.d5 b5 4.cxb5 a6 5.b6 Qxb6 6.Nc3 g6 7.a4 a5 8.e4 d6 9.Bb5+
Bd7 10.Be2 Bg7 11.Nf3 O-O 12.Nd2 Na6 13.O-O Nb4 14.Nc4 Qa7 15.Bg5 h6 16.Be3
Kh7 17.g4 Ng8 18.f4 Qc7 19.g5 Bh3 20.Rf3 Bg4 21.Rg3 Bxe2 22.Qxe2 h5 23.Rh3 Bd4
24.Nb5 Bxe3+ 25.Nxe3 Qd7 26.Rxh5+ Kg7 27.Rh4 e6 28.Qg4 Qe7 29.dxe6 fxe6 30.Qh3
Rf7 31.Rh7+ 1-0

[Event "Preferente Grupo II"]
[Site ""]
[Date "2011.04.02"]
[Round "9.59"]
[White "Navarro Castan Jesus"]
[Black "Gutierrez Minguenza Ruben"]
[Result "0-1"]
[WhiteElo "1925"]
[BlackElo "2112"]

1.e4 c5 2.Nf3 Nc6 3.d4 cxd4 4.Nxd4 Nf6 5.Nc3 e5 6.Ndb5 d6 7.Bg5 a6 8.Na3 b5 9.
Bxf6 gxf6 10.Nd5 Bg7 11.g3 f5 12.exf5 Bxf5 13.Bg2 O-O 14.c3 Be6 15.O-O Rb8 16.
Nc2 a5 17.Re1 Qd7 18.Qd2 f5 19.Rad1 Kh8 20.Na1 Rfe8 21.Qe2 e4 22.Nf4 Bc4 23.
Qh5 Ne5 24.b3 Bf7 25.Qe2 Rbc8 26.Qe3 Rxc3 27.Qb6 a4 28.Nd5 Rc5 29.Ne3 Nd3 30.
Rf1 Rcc8 31.bxa4 bxa4 32.Qa5 Rc5 33.Qd2 d5 34.Nec2 d4 35.Nb4 Nxb4 36.Qxb4 Rc4
37.Qa5 d3 38.Bh3 Be6 39.Qa6 Rec8 40.Rfe1 Bc3 41.Rf1 Qc6 42.Qa7 Qd7 43.Qa6 Bd4
44.Rfe1 R8c6 45.Qa8+ Qc8 46.Qa5 Bc3 47.Qa7 Bxe1 48.Rxe1 Rc1 49.Rxc1 Rxc1+ 50.
Kg2 Qd7 51.Qb8+ Rc8 52.Qe5+ Kg8 0-1

[Event "Preferente Grupo II"]
[Site ""]
[Date "2011.04.02"]
[Round "9.60"]
[White "Palomar Ramon Santiago"]
[Black "Royo Onde Manuel"]
[Result "1-0"]
[WhiteElo "2041"]
[BlackElo "1906"]

1.e4 c5 2.Nf3 e6 3.d4 cxd4 4.Nxd4 Nc6 5.Nb5 d6 6.c4 a6 7.N5c3 Nf6 8.Be2 Be7 9.
Be3 O-O 10.f4 Qc7 11.O-O b6 12.Nd2 Bb7 13.Rc1 Nb8 14.Qb3 Nbd7 15.Na4 Bxe4 16.
Bxb6 Nxb6 17.Qxb6 Qxb6+ 18.Nxb6 Rab8 19.Nxe4 Rxb6 20.Nxf6+ Bxf6 21.b3 Bd4+ 22.
Kh1 a5 23.Bd3 a4 24.bxa4 Rb2 25.Rc2 Rfb8 26.Rxb2 Rxb2 27.Rb1 f5 28.Rxb2 Bxb2
29.c5 dxc5 30.Bc4 Kf7 31.a5 1-0

[Event "Preferente Grupo II"]
[Site ""]
[Date "2011.04.02"]
[Round "9.61"]
[White "Palacios Latasa Elias"]
[Black "Fandino Roquelina"]
[Result "1-0"]
[WhiteElo "2198"]
[BlackElo "2148"]

1.e4 e5 2.Nc3 Nc6 3.Bc4 Nf6 4.d3 Be7 5.f4 O-O 6.Nf3 d6 7.a3 Bg4 8.h3 Bxf3 9.
Qxf3 Nd4 10.Qd1 c6 11.fxe5 dxe5 12.O-O b5 13.Ba2 a5 14.Ne2 b4 15.Bc4 bxa3 16.
bxa3 Bc5 17.Kh2 h5 18.g3 Qd7 19.Nxd4 Qxd4 20.Rb1 h4 21.gxh4 Rab8 22.Rxb8 Rxb8
23.h5 Rb1 24.h6 Bxa3 25.Bxf7+ Kxf7 26.Qg4 g6 27.h7 Rb8 28.Bxa3 Qc3 29.Qd7# 1-0

[Event "Preferente Grupo II"]
[Site ""]
[Date "2011.04.02"]
[Round "9.62"]
[White "Inglan Bielsa Fernando"]
[Black "De la Riva Fernandez Eduardo"]
[Result "1-0"]
[WhiteElo "2105"]
[BlackElo "1995"]

1.e4 e6 2.d4 d5 3.Nc3 Nf6 4.Bg5 Be7 5.e5 Nfd7 6.Bxe7 Qxe7 7.f4 a6 8.Qg4 f5 9.
exf6 Nxf6 10.Qh4 c5 11.Nf3 cxd4 12.Nxd4 Nc6 13.O-O-O Nxd4 14.Rxd4 Qc5 15.Rd2
Bd7 16.Qg5 O-O 17.Bd3 b5 18.Re1 b4 19.Ne4 Qa5 20.Re3 Nxe4 21.Bxe4 Qxa2 22.Kd1
Qb1+ 23.Ke2 Bb5+ 24.Bd3 Bxd3+ 25.cxd3 Rf6 26.Rg3 Ra7 27.Qxf6 Rf7 28.Qd8+ Rf8
29.Qe7 Qxb2 30.Rxb2 1-0

[Event "Preferente Grupo II"]
[Site ""]
[Date "2011.04.02"]
[Round "9.63"]
[White "Hernandez Delgado Gabriel"]
[Black "Buil Rello Jose Antonio"]
[Result "1/2-1/2"]
[WhiteElo "1976"]
[BlackElo "1955"]

1.Nf3 c5 2.e3 e6 3.d4 Qc7 4.c4 d6 5.Nc3 a6 6.Bd3 Nf6 7.O-O g6 8.b3 Bg7 9.Bb2
O-O 10.Qe2 b6 11.dxc5 bxc5 12.Ne4 Nbd7 13.Rfd1 Bb7 14.Nxf6+ Nxf6 15.e4 e5 16.
Ne1 Nh5 17.Qd2 Nf4 18.Bb1 Rfd8 19.Bc3 a5 20.f3 Bh6 21.Qb2 Ne6 22.Bd2 Bg7 23.
Nc2 Nd4 24.Ne3 Bc6 25.Nd5 Bxd5 26.cxd5 Rdb8 27.Bd3 Qb6 28.Bc4 a4 29.Rab1 Rb7
30.Be3 Qa5 31.Bd2 Qb6 32.Be3 Qc7 33.Rd3 Rab8 34.Bxd4 exd4 35.Qd2 Qb6 36.Re1
Qb4 37.Qxb4 Rxb4 38.g3 a3 39.Kf2 Re8 40.f4 Kf8 41.Kf3 f5 42.Rdd1 fxe4+ 43.Rxe4
Rxe4 44.Kxe4 Rb7 45.Kf3 Re7 46.Kf2 Kf7 47.Re1 Rxe1 48.Kxe1 Kf6 49.Kf2 g5 50.
fxg5+ Kxg5 51.Kf3 h6 52.h4+ Kf5 53.g4+ Ke5 54.g5 hxg5 55.hxg5 Kf5 56.g6 Kxg6
57.Ke4 Bh6 1/2-1/2

[Event "Preferente Grupo II"]
[Site ""]
[Date "2011.04.02"]
[Round "9.64"]
[White "Salas Latorre Jose"]
[Black "Correas Marcen Jose Maria"]
[Result "1/2-1/2"]
[WhiteElo "1745"]
[BlackElo "1972"]

1.d4 Nf6 2.Bg5 e6 3.e4 Be7 4.Bd3 b6 5.Nf3 Ba6 6.O-O Bxd3 7.Qxd3 d5 8.exd5 Nxd5
9.Bd2 O-O 10.Qe4 Nd7 11.Nc3 N7f6 12.Qe2 c5 13.dxc5 Bxc5 14.Nxd5 exd5 15.Bg5 h6
16.Bh4 g5 17.Bg3 Ne4 18.Qd3 Nxg3 19.hxg3 Qd6 20.Kh1 Rad8 21.c3 f5 22.b4 Bxf2
23.Rxf2 Qxg3 24.Re2 g4 25.Ne5 Qh4+ 26.Kg1 Rf6 27.g3 Qg5 28.Rf1 Rdd6 29.Qe3
Qxe3+ 30.Rxe3 d4 31.cxd4 Rxd4 32.a3 h5 33.Nd3 h4 34.gxh4 f4 35.Nb2 fxe3 36.
Rxf6 Rd2 37.Re6 Rxb2 38.Rxe3 Ra2 39.Rc3 a5 40.bxa5 bxa5 41.Rg3 Kh7 42.Rxg4
Rxa3 43.Rc4 Ra1+ 44.Kg2 a4 45.Rc6 a3 46.Ra6 a2 47.Kh2 1/2-1/2

[Event "Preferente Grupo II"]
[Site ""]
[Date "2011.04.02"]
[Round "9.65"]
[White "Hinojar Basa Alfonso"]
[Black "Cifuentes Parada Roberto"]
[Result "0-1"]
[WhiteElo "2200"]
[BlackElo "2508"]

1.e4 d6 2.d4 Nf6 3.Nc3 e5 4.Nf3 Nbd7 5.Bc4 Be7 6.O-O O-O 7.Re1 a6 8.a4 b6 9.b3
Bb7 10.Bb2 c6 11.Bd3 Re8 12.Ne2 d5 13.Ng3 dxe4 14.Nxe4 exd4 15.Nxd4 Bb4 16.c3
Bf8 17.Nf5 Ne5 18.Bc2 Nxe4 19.Bxe4 g6 20.Ne3 f5 21.Bc2 Qg5 22.Kh1 Rad8 23.Qc1
f4 24.Nc4 c5 25.Be4 Bxe4 26.Rxe4 Nd3 27.Rxe8 Nxc1 28.Rxd8 Qxd8 29.Rxc1 b5 30.
axb5 axb5 0-1

[Event "Preferente Grupo II"]
[Site ""]
[Date "2011.04.02"]
[Round "9.66"]
[White "Accattato Martin Mario"]
[Black "Sebastian Bespin Ruben"]
[Result "1-0"]
[WhiteElo "2144"]
[BlackElo "2185"]

1.e4 e6 2.Nf3 d5 3.Nc3 Nf6 4.e5 Nfd7 5.d4 c5 6.dxc5 Nc6 7.Bf4 Bxc5 8.Bd3 f6 9.
exf6 Nxf6 10.Qe2 O-O 11.O-O-O Qa5 12.Kb1 a6 13.Ne5 Ba3 14.Nxc6 bxc6 15.Be5 Qb4
16.b3 Ra7 17.Qe3 c5 18.Na4 d4 19.Qh3 Rd8 20.Bxf6 gxf6 21.Bc4 Re7 22.Rhe1 Rde8
23.Qh4 Rf8 24.Qg4+ Kh8 25.Bxe6 Bxe6 26.Rxe6 Rg7 27.Qf3 Rgf7 28.Rxa6 c4 29.Rxd4
Re7 30.Rd1 Re1 31.Rd6 Rxd1+ 32.Rxd1 Qxa4 33.bxa4 Rb8+ 34.Qb3 cxb3 35.axb3 Bc5
36.Rd2 Kg7 37.Kb2 Kf7 38.c3 Ke6 39.b4 Bd6 40.Kb3 Kd7 41.Rd5 Re8 42.c4 Kc7 43.
c5 Bxh2 44.Rh5 Bg1 45.Rxh7+ Kc6 46.Rf7 Re6 47.f3 Kd5 48.Rd7+ Kc6 49.Rd1 Bf2
50.Kc4 Re2 51.Rd6+ Kc7 52.Rxf6 1-0

[Event "Preferente Grupo II"]
[Site ""]
[Date "2011.04.02"]
[Round "9.67"]
[White "Jario Garcia Ricardo Javier"]
[Black "Horton Justin"]
[Result "0-1"]
[WhiteElo "2130"]
[BlackElo "2112"]

1.e4 e5 2.Nf3 Nc6 3.Bc4 Bc5 4.c3 Nf6 5.d3 a6 6.Bb3 d6 7.Bg5 h6 8.Bh4 g5 9.Bg3
Bg4 10.Nbd2 Nh5 11.Nf1 Nf4 12.Ne3 Nxg2+ 13.Kd2 Nxe3 14.fxe3 Qe7 15.Rf1 O-O-O
16.Bd5 Nb8 17.Qb3 c6 18.Bxf7 Rhf8 19.Ng1 d5 20.exd5 Rxf7 21.dxc6 Rxf1 22.cxb7+
Qxb7 23.Rxf1 Qg2+ 24.Ke1 Rxd3 0-1

[Event "Preferente Grupo II"]
[Site ""]
[Date "2011.04.02"]
[Round "9.68"]
[White "Abos Rosico Antonio"]
[Black "Portero Garnica Miguel Angel"]
[Result "0-1"]
[WhiteElo "2073"]
[BlackElo "2112"]

1.e4 e5 2.Nf3 Nc6 3.Bc4 Nf6 4.d3 Be7 5.Nc3 d6 6.Be3 Na5 7.Bb3 Nxb3 8.axb3 c5
9.O-O O-O 10.Ne2 Ng4 11.Ng3 g6 12.Qd2 f5 13.Bg5 f4 14.Bxe7 Qxe7 15.Ne2 g5 16.
b4 Nh6 17.bxc5 dxc5 18.Nc3 g4 19.Nd5 Qg7 20.Nh4 Be6 21.b4 Bxd5 22.exd5 Qe7 23.
g3 cxb4 24.Ng2 Nf5 25.Qd1 Qg5 26.Re1 Nd4 27.Nh4 h5 28.Re4 fxg3 29.hxg3 Qf6 30.
Qd2 a5 31.Rae1 a4 32.Rxd4 b3 33.Rb4 bxc2 34.Qxc2 a3 35.d4 exd4 36.Rxb7 d3 37.
Qa2 d2 38.Qxd2 a2 39.Nf5 Qxf5 40.Qe3 a1=Q 41.Rxa1 Rxa1+ 0-1

[Event "Preferente Grupo II"]
[Site ""]
[Date "2011.04.02"]
[Round "9.69"]
[White "Garcia Lopez Alberto J"]
[Black "Martinez Asensio Juan M"]
[Result "0-1"]
[WhiteElo "1977"]
[BlackElo "2144"]

1.Nf3 g6 2.g3 Bg7 3.Bg2 e5 4.d3 Ne7 5.c4 O-O 6.Nc3 d6 7.Qc2 c5 8.O-O Nbc6 9.a3
Rb8 10.Rb1 a5 11.Bd2 h6 12.Nb5 Be6 13.b4 axb4 14.axb4 b6 15.bxc5 dxc5 16.Bc3
Qd7 17.Rfd1 g5 18.Qb2 Ng6 19.e3 Rfd8 20.Rd2 g4 21.Ne1 Nge7 22.Rbd1 Qc8 23.Nc2
Rb7 24.Nba3 Rb8 25.Nb5 Rb7 26.d4 Bxc4 27.dxc5 Rxd2 28.Rxd2 bxc5 29.Nca3 Bxb5
30.Nxb5 Qb8 31.Bf1 Na7 32.Ba5 Rxb5 33.Bxb5 Qxb5 34.Rd8+ Kh7 35.Qc2+ f5 36.Bc3
Nac6 37.Rd6 c4 38.f3 Qb3 0-1

[Event "Preferente Grupo II"]
[Site ""]
[Date "2011.04.02"]
[Round "9.70"]
[White "Carruez Berges Santiago"]
[Black "Galvez Perez Jose Luis"]
[Result "1-0"]
[WhiteElo "2110"]
[BlackElo "1972"]

1.e4 c5 2.Nf3 g6 3.g3 Bg7 4.Bg2 Nc6 5.O-O d6 6.c3 Nf6 7.d4 cxd4 8.cxd4 d5 9.
exd5 Nxd5 10.Nc3 Bg4 11.h3 Be6 12.Ne4 h6 13.Nc5 Bc8 14.Ne5 O-O 15.Re1 Nxe5 16.
dxe5 Nb4 17.Bd2 Nd3 18.Nxd3 Qxd3 19.Bb4 Qxd1 20.Raxd1 Re8 21.Ba3 Rb8 22.Bc5
Kf8 23.Bxa7 Ra8 24.Bc5 Ra5 25.Rc1 h5 26.a3 Bh6 27.Be3 Bg7 28.Bd4 Bh6 29.Rc5
Ra4 30.Bc3 Rd8 31.Bb4 Ke8 32.Rc7 Bf8 33.Rec1 Ra8 34.Bxb7 Bxh3 35.Bc6+ Rd7 36.
Rxd7 1-0

[Event "Preferente Grupo II"]
[Site ""]
[Date "2011.04.02"]
[Round "9.71"]
[White "Lucea Valero Alejandro"]
[Black "Larrosa Poves Jose Manuel"]
[Result "0-1"]
[WhiteElo "1953"]
[BlackElo "2067"]

1.d4 Nf6 2.Nf3 d5 3.c4 c6 4.Nc3 e6 5.Bg5 dxc4 6.e4 b5 7.e5 h6 8.Bh4 g5 9.Nxg5
hxg5 10.Bxg5 Nbd7 11.Be2 Be7 12.exf6 Bxf6 13.Bxf6 Nxf6 14.Bf3 Nd5 15.Bxd5 exd5
16.Qf3 Be6 17.O-O Qh4 18.h3 O-O-O 19.Ne2 Rdg8 20.Nf4 Bxh3 21.Qxh3+ Qxh3 22.
Nxh3 Rxh3 23.f3 Rh4 24.Rad1 Re8 25.Kf2 Kd7 26.Rh1 Rhh8 27.g4 b4 28.a3 bxa3 29.
bxa3 c5 30.dxc5 Kc6 31.g5 Kxc5 32.f4 d4 33.Kf3 Rxh1 34.Rxh1 d3 35.f5 c3 36.g6
fxg6 37.fxg6 d2 0-1

[Event "Preferente Grupo II"]
[Site ""]
[Date "2011.04.02"]
[Round "9.72"]
[White "Martinez Crespo Juan"]
[Black "Minguez Guinda Andres"]
[Result "1/2-1/2"]
[WhiteElo "1816"]
[BlackElo "1896"]

1.e4 e5 2.Nf3 Nf6 3.Nxe5 d6 4.Nf3 Nxe4 5.Nc3 Nxc3 6.dxc3 Be7 7.Bf4 O-O 8.Qd2
Be6 9.Nd4 Nd7 10.Bd3 Nf6 11.O-O c6 12.Rfe1 Bg4 13.h3 Bd7 14.Nf5 Bxf5 15.Bxf5
d5 16.Re2 Bc5 17.Be5 Re8 18.Rae1 Nd7 19.Bd4 Rxe2 20.Qxe2 Bxd4 21.cxd4 g6
1/2-1/2

[Event "Division de Honor Titulo"]
[Site "Aragon"]
[Date "2011.04.09"]
[Round "10.1"]
[White "Adla Diego Gustavo"]
[Black "Granda Zuniga Julio E"]
[Result "1/2-1/2"]
[WhiteElo "2507"]
[BlackElo "2617"]

1.d4 e6 2.c4 Bb4+ 3.Bd2 Qe7 4.g3 f5 5.Bg2 Nf6 6.Nc3 O-O 7.e3 c6 8.Nge2 d5 9.
Qb3 b6 10.Nf4 Bb7 11.O-O Bd6 12.cxd5 exd5 13.a4 g5 14.Nd3 Nbd7 15.a5 Ba6 16.
Qc2 Ne4 17.Rfe1 Ndf6 18.f3 Nxd2 19.Qxd2 g4 20.f4 Ne4 21.Qc2 Bxd3 22.Qxd3 b5
23.Rec1 Kg7 24.Nxe4 dxe4 25.Qc3 Rac8 26.a6 Kg6 27.Qb3 c5 28.dxc5 Bxc5 29.Bf1
Rfd8 30.Rd1 b4 31.Kf2 Bb6 32.Be2 Kf6 33.Rac1 Rd3 34.Bxd3 Bxe3+ 35.Kf1 Rxc1 36.
Rxc1 Bxc1 37.Bb1 Qd6 38.Ba2 Ke7 39.Qf7+ Kd8 40.Qd5 Qxd5 41.Bxd5 Bxb2 42.Be6 e3
43.Bxf5 h5 44.Bg6 h4 45.gxh4 Bd4 46.Bf5 b3 47.Bxg4 b2 48.Bf5 Kc7 49.Ke2 Kb6
50.Bd3 Kc5 51.h5 Kd6 52.h6 Ke7 53.h7 Kf8 54.h8=Q+ Bxh8 55.Kxe3 Bf6 56.Ke4 Kg7
57.Kf5 Be7 58.Ke6 Bd8 59.f5 Bf6 60.Bb1 Bg5 61.Ke5 Bd8 62.Kd6 Kf6 63.h4 Bb6 64.
Kd5 Bf2 65.Kc4 Bxh4 66.Kc3 Bf2 67.Kxb2 Bb6 68.Kb3 Bc5 69.Kc4 Bb6 70.Kd5 Bg1
71.Kc6 Bf2 72.Bc2 Bg1 73.Bb1 Bf2 74.Bc2 Bg1 75.Bb1 1/2-1/2

[Event "Division de Honor Titulo"]
[Site "Aragon"]
[Date "2011.04.09"]
[Round "10.3"]
[White "Lopez Gracia Fernando"]
[Black "Antoli Royo Joaquin Miguel"]
[Result "0-1"]
[WhiteElo "2319"]
[BlackElo "2430"]

1.e4 c5 2.Nf3 d6 3.d4 cxd4 4.Nxd4 Nf6 5.Nc3 Nc6 6.Be3 e5 7.Nf3 h6 8.Bc4 Be7 9.
O-O O-O 10.Qe2 Na5 11.Bb3 Nxb3 12.cxb3 Be6 13.Rfd1 Qa5 14.h3 Rfd8 15.Bd2 Qb6
16.Rac1 Rd7 17.Be3 Qa5 18.Bd2 Qd8 19.Be3 Qb8 20.Qc2 d5 21.exd5 Nxd5 22.Nxd5
Rxd5 23.Rxd5 Bxd5 24.Qf5 Bf6 25.Rc5 Be6 26.Qe4 b6 27.Rc2 Bc8 28.Rd2 Bb7 29.Qg4
Qc8 30.Qg3 Qf5 31.Nh4 Qe4 32.Nf3 Kf8 33.Re2 Qf5 34.Rd2 Rc8 35.Rd6 Be7 36.Rd1
Bf6 37.Nh4 Qe4 38.Nf3 Rc2 39.Re1 Qf5 40.Nh4 Qh5 41.Nf3 Rxb2 42.Bc1 Rxa2 43.b4
Bxf3 44.gxf3 Qg6 45.Qxg6 fxg6 46.Be3 Ra4 47.Rc1 Ke7 48.Rc7+ Kd6 49.Rf7 g5 50.
b5 Ra5 51.Kg2 Rxb5 52.Rxa7 Kc6 53.Kg3 Ra5 54.Rf7 b5 55.Rf8 b4 0-1

[Event "Division de Honor Titulo"]
[Site "Aragon"]
[Date "2011.04.09"]
[Round "10.4"]
[White "Ramiro Ovejero Juan Luis"]
[Black "Moreno Gracia Daniel"]
[Result "1/2-1/2"]
[WhiteElo "2365"]
[BlackElo "2277"]

1.e4 e5 2.Nf3 Nc6 3.Bc4 Nf6 4.d3 h6 5.O-O d6 6.a4 g6 7.Re1 Bg7 8.a5 O-O 9.a6
bxa6 10.Bxa6 Rb8 11.Bxc8 Qxc8 12.Nc3 Qd7 13.Nd2 d5 14.Nb3 Rfd8 15.Na5 dxe4 16.
Nxe4 Nxe4 17.Rxe4 f5 18.Re3 Nxa5 19.Rxa5 e4 20.Ra6 Rb6 21.Rxb6 axb6 22.Qe1 Qc6
23.Qe2 exd3 24.Rxd3 Re8 25.Re3 Rxe3 26.Bxe3 Qe4 27.Qd2 Kh7 28.b3 b5 29.f3 Qe5
30.g3 c6 1/2-1/2

[Event "Division de Honor Titulo"]
[Site "Aragon"]
[Date "2011.04.09"]
[Round "10.5"]
[White "Valles Mata David"]
[Black "Baron Rodriguez Jesus"]
[Result "1/2-1/2"]
[WhiteElo "2152"]
[BlackElo "2447"]

1.e4 e5 2.Nf3 Nc6 3.Bb5 Nge7 4.O-O g6 5.d4 exd4 6.Nxd4 Bg7 7.c3 O-O 8.Be3 f5
9.exf5 Nxd4 10.Bxd4 Nxf5 11.Bxg7 Kxg7 12.Nd2 Nh4 13.Ne4 d5 14.Ng3 c6 15.Be2
Qf6 16.Bg4 Qf4 17.Bxc8 Raxc8 18.Qd3 Rce8 19.Rad1 Re5 20.Qd4 Qxd4 21.Rxd4 g5
22.f4 gxf4 23.Rdxf4 Rxf4 24.Rxf4 Ng6 25.Rf1 c5 26.Nf5+ Kf6 27.Nd6+ Ke6 28.Nxb7
d4 29.c4 Ne7 30.g4 Kd7 31.Na5 h5 32.h3 hxg4 33.hxg4 Re4 34.Kf2 Rxg4 35.a3 Nf5
36.Kf3 Rh4 37.Rg1 Nd6 1/2-1/2

[Event "Division de Honor Titulo"]
[Site "Aragon"]
[Date "2011.04.09"]
[Round "10.6"]
[White "Forcen Esteban Daniel"]
[Black "Solano Lasierra Javier"]
[Result "1/2-1/2"]
[WhiteElo "2378"]
[BlackElo "2156"]

1.e4 e6 2.d4 d5 3.Nc3 Bb4 4.exd5 exd5 5.Bd3 Nc6 6.a3 Be7 7.Be3 Bf6 8.Qh5 Nge7
9.Nge2 Be6 10.h3 Qd7 11.Qf3 Ng6 12.g4 O-O-O 13.O-O-O a6 14.g5 Be7 15.h4 Bd6
16.Nxd5 Bxa3 17.Ndc3 Bg4 18.Qg2 Bb4 19.Ne4 Rhe8 20.c3 Bd6 21.Nxd6+ cxd6 22.
Rde1 Bf5 23.Bxf5 Qxf5 24.Qh3 Nge7 25.Ng3 Qxh3 26.Rxh3 Nd5 27.Rhh1 g6 28.Bd2 f5
29.gxf6 Nxf6 30.Bg5 Rxe1+ 31.Rxe1 Rf8 32.Re6 Ne8 33.Bh6 Rg8 34.Ne4 Kd7 35.
Rxd6+ Nxd6 36.Nf6+ Ke6 37.Nxg8 Ne4 38.Be3 h5 39.f3 Nd6 40.Bg5 Ne8 41.Kd2 Kf7
42.Nh6+ Ke6 43.Kd3 b5 44.f4 a5 45.b3 Nd6 46.Ng8 a4 47.Nf6 a3 48.d5+ Kf5 49.Kc2
Na5 50.Nd7 Ne4 51.Be7 a2 52.Kb2 Nxc3 53.Nc5 Nxd5 1/2-1/2

[Event "Division de Honor Titulo"]
[Site "Aragon"]
[Date "2011.04.09"]
[Round "10.7"]
[White "Escuer Sanchez Nestor"]
[Black "Baron Rodriguez Jorge"]
[Result "0-1"]
[WhiteElo "2107"]
[BlackElo "2272"]

1.e4 c5 2.Nf3 d6 3.d4 Nf6 4.Nc3 cxd4 5.Nxd4 a6 6.Be3 e5 7.Nb3 Be6 8.f3 Nbd7 9.
Qd2 b5 10.O-O-O Rc8 11.Qf2 Rxc3 12.bxc3 Qc7 13.Kd2 d5 14.Bd3 Be7 15.h3 O-O 16.
Ke1 Qc6 17.Kf1 dxe4 18.fxe4 Nxe4 19.Qe1 Nxc3 20.Ra1 Nd5 21.Bf2 Bb4 22.Qe2 f5
23.c4 Nf4 0-1

[Event "Division de Honor Titulo"]
[Site "Aragon"]
[Date "2011.04.09"]
[Round "10.8"]
[White "Castillo Sanjuan Daniel"]
[Black "Felez Casedas Carlos"]
[Result "0-1"]
[WhiteElo "1944"]
[BlackElo "2042"]

1.e4 e5 2.Nf3 Nf6 3.d4 Nxe4 4.dxe5 d5 5.Bd3 Be7 6.c4 Be6 7.Nd4 Nxf2 8.Kxf2 Bc5
9.g3 Bxd4+ 10.Kg2 Nc6 11.Nc3 Qd7 12.h3 O-O-O 13.Bf4 Bxe5 14.Qf3 Bxf4 15.Qxf4
dxc4 16.Be4 Qd2+ 17.Qxd2 Rxd2+ 18.Kf3 Ne5+ 19.Ke3 Rxb2 20.Na4 Rb5 21.Rab1 Rxb1
22.Rxb1 b6 23.Nc3 a6 24.Bg2 Rd8 25.Bf1 Nd3 26.Ne4 Bf5 27.Nd2 Nc5 28.Rc1 Bd3
29.Nxc4 Bxf1 30.Rxf1 f6 31.Rc1 Rd3+ 32.Kf4 Rd5 33.Rc3 Kd7 34.Ne3 Rd4+ 35.Kf3
Rd3 36.Rc2 Ne6 37.Ke4 Ra3 38.h4 g6 39.g4 Ra4+ 40.Kd3 Nf4+ 41.Kc3 Ra3+ 42.Kd4
Ne6+ 43.Ke4 Ra4+ 44.Kd3 Rd4+ 45.Kc3 c5 46.Rf2 Ke7 47.h5 b5 48.a3 a5 49.hxg6
hxg6 50.Rh2 b4+ 51.axb4 cxb4+ 52.Kb2 a4 53.Rh7+ Kd6 54.Rf7 Ke5 55.Ra7 a3+ 56.
Ka2 Rd2+ 57.Ka1 Kf4 58.Nc4 Rd1+ 59.Ka2 Nc5 60.Rc7 Ne4 61.Kb3 Rb1+ 62.Kc2 a2
0-1

[Event "Division de Honor Titulo"]
[Site "Aragon"]
[Date "2011.04.09"]
[Round "10.9"]
[White "Hefty Hilardo Jorge Walter"]
[Black "Ramon Perez Jose Luis"]
[Result "1-0"]
[WhiteElo "2314"]
[BlackElo "2219"]

1.d4 Nf6 2.c4 c5 3.d5 b5 4.Nf3 g6 5.Nbd2 bxc4 6.e4 c3 7.bxc3 Bg7 8.Be2 O-O 9.
O-O d6 10.Rb1 Nbd7 11.Qc2 Nb6 12.a4 a5 13.Bb5 e6 14.dxe6 Bxe6 15.c4 Rb8 16.Bb2
Nh5 17.Bxg7 Kxg7 18.Qc3+ Qf6 19.Qxa5 Nf4 20.Kh1 g5 21.e5 dxe5 22.Ne4 Qf5 23.
Ng3 Qf6 24.Qc3 g4 25.Nxe5 Nxc4 26.Bxc4 Bxc4 27.Qxc4 Qxe5 28.Qxf4 Qxf4 29.Nh5+
Kg6 30.Nxf4+ Kf5 31.g3 c4 32.Nd5 Ke4 33.Nc3+ Kf3 34.Kg1 f5 35.Rxb8 Rxb8 36.Re1
f4 37.Ne4 h6 38.Nd2# 1-0

[Event "Division de Honor Titulo"]
[Site "Aragon"]
[Date "2011.04.09"]
[Round "10.10"]
[White "Delgado Salcedo Eduardo"]
[Black "Garcia Monterde Francisco Jose"]
[Result "1-0"]
[WhiteElo "2179"]
[BlackElo "2020"]

1.d4 Nf6 2.c4 c5 3.d5 b5 4.cxb5 a6 5.b6 Qxb6 6.Nc3 g6 7.e4 d6 8.h3 Bg7 9.Nf3
O-O 10.Be2 Nfd7 11.O-O Qc7 12.Nd2 Nb6 13.Qc2 N8d7 14.a4 a5 15.Nb5 Qb7 16.Ra3
f5 17.exf5 Rxf5 18.Ne4 Rf8 19.Rg3 Nf6 20.Nxf6+ Rxf6 21.Bd3 Bf5 22.Nc3 Kh8 23.
Bg5 Rf7 24.Bxf5 Rxf5 25.Qb3 Rb8 26.Qb5 Nxd5 27.Qxa5 Be5 28.f4 Bd4+ 29.Kh1 Ne3
30.Rxe3 Bxe3 31.Nb5 Rd5 32.Qc3+ Bd4 33.Qe1 Bxb2 34.Bxe7 Qd7 35.Qe4 Rd2 36.Qe3
Rc2 37.Qd3 Qxe7 38.Qxc2 Bf6 39.Qd1 Rb6 40.Re1 Qd7 41.Qd5 Kg7 42.Re6 Rxb5 43.
axb5 Qxb5 44.Re1 Qb4 45.Rf1 c4 46.f5 c3 47.fxg6 hxg6 48.Qe6 Qd4 49.Qb3 Be5 50.
Qf7+ Kh6 51.Qf8+ Bg7 52.Qc8 d5 53.Qc6 Qd2 54.Qa4 d4 55.Qb4 Qe2 56.Qb1 d3 57.
Re1 c2 58.Qb4 d2 59.Rxe2 c1=Q+ 60.Kh2 1-0

[Event "Division de Honor Titulo"]
[Site "Aragon"]
[Date "2011.04.09"]
[Round "10.11"]
[White "Castillo Sanjuan Alejandro"]
[Black "Mimbela Lopez Miguel Angel"]
[Result "0-1"]
[WhiteElo "1967"]
[BlackElo "2168"]

1.e4 c5 2.Nc3 a6 3.a4 e6 4.Bc4 b6 5.f4 Bb7 6.Qe2 Nc6 7.d3 Nd4 8.Qf2 d5 9.Ba2
Nf6 10.exd5 exd5 11.h3 Bd6 12.Be3 O-O 13.Bxd4 cxd4 14.Nce2 Bb4+ 15.c3 dxc3 16.
bxc3 Bc5 17.Nd4 Re8+ 18.Kf1 Bxd4 19.Qxd4 Qe7 20.Nf3 Qe2+ 21.Kg1 Qb2 22.c4
Qxd4+ 23.Nxd4 dxc4 24.Bxc4 Rad8 25.Nf5 Re2 26.Rh2 Nd5 27.g3 Rxh2 28.Kxh2 Nb4
29.Re1 Kf8 30.g4 g6 31.Ng3 Bc6 32.Rb1 a5 33.f5 Bxa4 34.fxg6 hxg6 35.Rf1 Rd7
36.Ne4 Bc6 37.Nf6 Re7 38.Nh7+ Kg7 39.Ng5 Bd5 40.Bb5 f6 41.Nf3 Re3 42.Nd4 Nxd3
43.Rd1 Nf4 44.Bf1 a4 45.Ne2 Nxe2 46.Rxd5 Nc3 47.Rd7+ Kh6 48.Rb7 a3 49.Bc4 b5
50.Bxb5 a2 51.Ra7 Nxb5 52.Rxa2 g5 53.Ra5 Nc3 54.Kg2 Rd3 55.Ra8 Nd5 56.Ra6 Nf4+
57.Kf2 Nxh3+ 0-1

[Event "Division de Honor Titulo"]
[Site "Aragon"]
[Date "2011.04.09"]
[Round "10.12"]
[White "Gomez Luesia Jesus"]
[Black "Colas Perez Patricia"]
[Result "1-0"]
[WhiteElo "2164"]
[BlackElo "1815"]

1.d4 d5 2.c4 e6 3.Nc3 Nf6 4.Bg5 Be7 5.cxd5 exd5 6.e3 c6 7.Qc2 O-O 8.Bd3 Nbd7
9.Nge2 Re8 10.O-O h6 11.Bf4 Nh5 12.Nxd5 Nxf4 13.Nxe7+ Qxe7 14.Nxf4 Nf6 15.Rac1
Rd8 16.Qc5 Qxc5 17.Rxc5 Nd5 18.Nxd5 cxd5 19.Be2 Be6 20.Bf3 Rd7 21.Rfc1 Kf8 22.
Kf1 Ke7 23.Ke1 Rad8 24.Kd2 Rd6 25.Ra5 a6 26.Rac5 Rb6 27.b3 Kd6 28.Be2 g6 29.f3
Rb4 30.Bd3 f5 31.g3 g5 32.Kc3 Rb6 33.Kb2 Bd7 34.a4 Ke6 35.a5 Rd6 36.Rc7 Rb8
37.Kc3 Rc6+ 38.Rxc6+ Bxc6 39.Kd2 Rc8 40.g4 fxg4 41.fxg4 Kd6 42.Rf1 Ke7 43.Bg6
Rf8 44.Rxf8 Kxf8 45.e4 Ke7 46.e5 Bb5 47.Kc3 Bc6 48.Kb4 Kd8 49.Kc5 Ke7 50.Kb6
Kd7 51.Bf5+ Kd8 52.Be6 Ke7 53.Bc8 1-0